| 000 | 00489nam a22001577a 4500 | ||
|---|---|---|---|
| 005 | 20120209124855.0 | ||
| 020 |
_a8181468015 _c95.00 |
||
| 020 |
_a978818468017 _c95.00 |
||
| 100 |
_aDhir,Sheila _941380 |
||
| 245 |
_aLittle fingers / _cby Sheila Dhir ; illustrated by Mugadha Sethi |
||
| 260 |
_aChennai _bTulika Publishers _c2010 |
||
| 270 |
_a13,Prithvi Avenue,Abhiramapuram, _bChennai _e600018 |
||
| 300 |
_a24p. _bill _c18cm(pbk) |
||
| 700 |
_aSethi,Mugadha _941343 |
||
| 942 |
_2ddc _cEN _mDHI |
||
| 999 |
_c62420 _d62420 |
||